The Colonels / by W.E.B. Griffin.
Record details
- ISBN: 0515090220
- ISBN: 0515076988
- Physical Description: 470 pages
- Publisher: New York : Jove Books, 1983.
Search for related items by series
| LDR | 00617cam a2200205 a 4500 | ||
|---|---|---|---|
| 001 | 120509 | ||
| 003 | SBPL | ||
| 005 | 20211202185529.0 | ||
| 008 | 051201s1983 nyu 000 1 eng u | ||
| 020 | . | ‡a0515090220 | |
| 020 | . | ‡a0515076988 | |
| 035 | . | ‡a(CONS)120509 | |
| 035 | . | ‡a(CPomAG)LMN415338 | |
| 100 | 1 | . | ‡aGriffin, W. E. B. |
| 245 | 1 | 4. | ‡aThe Colonels / ‡cby W.E.B. Griffin. |
| 260 | . | ‡aNew York : ‡bJove Books, ‡c1983. | |
| 300 | . | ‡a470 pages | |
| 440 | . | ‡aGriffin, W. E. B. | |
| 490 | . | ‡aBrotherhood of war; ‡v[bk.4.] | |
| 914 | . | ‡dNAC_rg ‡dLMN_cm | |
| 959 | . | ‡i32269001098170 ‡lF Gri ‡aAdult - Fiction ‡tPaperback ‡g10.00 | |
| 852 | . | ‡p32269001098170 ‡jF Gri ‡gAdult - Fiction ‡cPaperback ‡y10.00 ‡bSBPL | |
| 901 | . | ‡a120509 ‡bUnknown ‡c120509 ‡tbiblio | |